| 000 | 01013cab a2200229 4500 | ||
|---|---|---|---|
| 001 | ABS67494 | ||
| 008 | 040301n2004 000 0 eng u | ||
| 035 | _a(Sirsi) u125267 | ||
| 100 | _aDenvir, P. | ||
| 245 | _aServe up a speciality | ||
| 260 | _c2004 | ||
| 490 |
_aEstates Gazette _v(0407) 14 February 2004, 118-119(2) |
||
| 520 | _aReports on the results of a survey undertaken by PACE Partnership with the support of the Professional Services Marketing Group which explores the ways in which professional service firms market their services in order to acquire new clients. The survey focused on five key service sectors including property, accountancy, law, consulting engineering and IT and managing consultancy. Comments on how the property sector performed. | ||
| 590 | _aABS | ||
| 650 | _aPROFESSIONAL SERVICES | ||
| 650 | _aMARKETING | ||
| 650 | _aABOUT RICS-RICS MEMBERS | ||
| 650 | _aPROPERTY SERVICES | ||
| 690 | _aMANAGEMENT-BUSINESS MANAGEMENT | ||
| 700 | _aWalker, K. | ||
| 942 | _n0 | ||
| 999 |
_c74192 _d74192 |
||